| 000 | 00452nam a2200169 a 4500 | ||
|---|---|---|---|
| 020 | _a0123258529 | ||
| 040 | _cHIR | ||
| 082 | _a581 ACA 1983 A061 Or. | ||
| 100 | 1 | _aHarper, John L | |
| 245 | 1 | 0 | _aPopulation biology of plants / |
| 260 |
_aLondon ; _aNew York : _bAcademic Press, _c1983, c1977 |
||
| 300 |
_axxiv, 892 p. : _bill. ; _c23 cm |
||
| 500 | _aIncludes indexes | ||
| 650 | 0 | _aPlant populations | |
| 650 | 0 | _aPopulation biology | |
| 942 | _cEK | ||
| 999 |
_c14547 _d14547 |
||